| 000 | 00481nam a22001697a 4500 | ||
|---|---|---|---|
| 999 |
_c8884 _d8884 |
||
| 003 | OSt | ||
| 008 | 200713b ||||| |||| 00| 0 eng d | ||
| 020 | _a8125600930 | ||
| 082 | _a615.19 AGT | ||
| 100 | _a AGARWAL, S P KHANNA ,RAJESH AND KAUL, J L | ||
| 245 | _aTEXTBOOK OF PHARMACEUTICS I sem-1 | ||
| 250 | _a2019 | ||
| 260 |
_aN Delhi _bBirla Publications Pvt. Ltd. Pub _c2019 |
||
| 300 | _a216 | ||
| 650 | _aPharmaceutics (Dispensing and General Pharmacy | ||
| 942 |
_2ddc _cBK _015 |
||